| 000 | 00821nam a2200193Ia 4500 | ||
|---|---|---|---|
| 003 | GCL | ||
| 008 | 140319s9999 xx 000 0 ara d | ||
| 040 |
_aGCL / _cGCL |
||
| 082 | 0 | 4 |
_a953.071 _bو ث |
| 100 | 1 | _aوزارة الثقافة السورية | |
| 245 | 1 | 0 |
_aالثقافة العربية الاسبانية عبر التاريخ دراسات وابحاث الدراسات التى القيت فى ندوة الثقافة العربية الاسبانية عبر التاريخ دمشق 10_13 ديسمبر 1990 / _cوزارة الثقافة السورية |
| 260 |
_a[S.N] : _bمنشورات وزارة الثقافة ، _c1991 |
||
| 300 | _a560 ص | ||
| 490 | _a | ||
| 650 | 0 | 4 | _aالاندلس |
| 650 | 0 | 4 | _aالثقافة العربية |
| 650 | 0 | 4 | _aالحضارة الاسلامية |
| 942 |
_2ddc _cBK |
||
| 999 |
_c37489 _d37489 |
||